<?xml version="1.0" encoding="UTF-8"?>
<collection xmlns="http://www.loc.gov/MARC21/slim">
 <record>
  <leader>01836nam a2200313 a 4500</leader>
  <controlfield tag="001">1/48649</controlfield>
  <controlfield tag="008">190412s2008    gr       b    00110 gre  </controlfield>
  <datafield tag="020" ind1=" " ind2=" ">
   <subfield code="a">9789601627021</subfield>
  </datafield>
  <datafield tag="035" ind1=" " ind2=" ">
   <subfield code="l">51647</subfield>
  </datafield>
  <datafield tag="040" ind1=" " ind2=" ">
   <subfield code="a">GR-PeUP</subfield>
  </datafield>
  <datafield tag="082" ind1="0" ind2="0">
   <subfield code="a">956.9304 ΚΟΥ</subfield>
  </datafield>
  <datafield tag="100" ind1="1" ind2=" ">
   <subfield code="a">Κουφουδάκης, Βαγγέλης.</subfield>
  </datafield>
  <datafield tag="245" ind1="1" ind2="0">
   <subfield code="a">Κύπρος :</subfield>
   <subfield code="b">ένα σύγχρονο πρόβλημα σε ιστορική προοπτική /</subfield>
   <subfield code="c">Βαγγέλης Κουφουδάκης ; μετάφραση από τα αγγλικά Γιώργος Δεμερτζίδης.</subfield>
  </datafield>
  <datafield tag="260" ind1="0" ind2=" ">
   <subfield code="a">Αθήνα :</subfield>
   <subfield code="b">Εκδόσεις Πατάκη,</subfield>
   <subfield code="c">2008.</subfield>
  </datafield>
  <datafield tag="300" ind1=" " ind2=" ">
   <subfield code="a">266 σ. :</subfield>
   <subfield code="b">χάρτες ;</subfield>
   <subfield code="c">21 εκ.</subfield>
  </datafield>
  <datafield tag="490" ind1="1" ind2=" ">
   <subfield code="a">Νεότερη και Σύγχρονη Ιστορία ;</subfield>
  </datafield>
  <datafield tag="500" ind1=" " ind2=" ">
   <subfield code="a">Μετάφραση του: Cyprus a contemporary problem in historical perspective.</subfield>
  </datafield>
  <datafield tag="504" ind1=" " ind2=" ">
   <subfield code="a">Περιέχει βιβλιογραφία και ευρετήριο.</subfield>
  </datafield>
  <datafield tag="651" ind1=" " ind2="0">
   <subfield code="a">Cyprus</subfield>
   <subfield code="x">History</subfield>
   <subfield code="y">20th century.</subfield>
  </datafield>
  <datafield tag="651" ind1=" " ind2="0">
   <subfield code="a">Cyprus</subfield>
   <subfield code="x">Politics and government</subfield>
   <subfield code="y">1960-</subfield>
  </datafield>
  <datafield tag="651" ind1=" " ind2="4">
   <subfield code="a">Κύπρος</subfield>
   <subfield code="x">Ιστορία</subfield>
   <subfield code="y">1960-</subfield>
  </datafield>
  <datafield tag="651" ind1=" " ind2="4">
   <subfield code="a">Κύπρος</subfield>
   <subfield code="x">Πολιτική και διακυβέρνηση</subfield>
   <subfield code="y">1960-</subfield>
  </datafield>
  <datafield tag="700" ind1="1" ind2=" ">
   <subfield code="a">Δεμερτζίδης, Γιώργος.</subfield>
  </datafield>
  <datafield tag="830" ind1=" " ind2=" ">
   <subfield code="a">Νεότερη και Σύγχρονη Ιστορία.</subfield>
  </datafield>
  <datafield tag="852" ind1=" " ind2=" ">
   <subfield code="a">INST</subfield>
   <subfield code="b">UNIPILB</subfield>
   <subfield code="c">EUDOXOS</subfield>
   <subfield code="e">20190412</subfield>
   <subfield code="h">956.9304 ΚΟΥ</subfield>
   <subfield code="p">00181147</subfield>
   <subfield code="q">00181147</subfield>
   <subfield code="t">CLOCOL</subfield>
   <subfield code="y">0</subfield>
   <subfield code="4">1</subfield>
  </datafield>
  <datafield tag="852" ind1=" " ind2=" ">
   <subfield code="a">INST</subfield>
   <subfield code="b">UNIPILB</subfield>
   <subfield code="c">EUDOXOS</subfield>
   <subfield code="e">20190412</subfield>
   <subfield code="h">956.9304 ΚΟΥ</subfield>
   <subfield code="p">00181148</subfield>
   <subfield code="q">00181148</subfield>
   <subfield code="t">CLOCOL</subfield>
   <subfield code="y">0</subfield>
   <subfield code="4">2</subfield>
  </datafield>
  <datafield tag="852" ind1=" " ind2=" ">
   <subfield code="a">INST</subfield>
   <subfield code="b">UNIPILB</subfield>
   <subfield code="c">EUDOXOS</subfield>
   <subfield code="e">20190412</subfield>
   <subfield code="h">956.9304 ΚΟΥ</subfield>
   <subfield code="p">00181149</subfield>
   <subfield code="q">00181149</subfield>
   <subfield code="t">CLOCOL</subfield>
   <subfield code="y">4</subfield>
   <subfield code="x">20221130</subfield>
   <subfield code="4">3</subfield>
  </datafield>
  <datafield tag="852" ind1=" " ind2=" ">
   <subfield code="a">INST</subfield>
   <subfield code="b">UNIPILB</subfield>
   <subfield code="c">EUDOXOS</subfield>
   <subfield code="e">20190412</subfield>
   <subfield code="h">956.9304 ΚΟΥ</subfield>
   <subfield code="p">00181150</subfield>
   <subfield code="q">00181150</subfield>
   <subfield code="t">CLOCOL</subfield>
   <subfield code="y">0</subfield>
   <subfield code="4">4</subfield>
  </datafield>
  <datafield tag="852" ind1=" " ind2=" ">
   <subfield code="a">INST</subfield>
   <subfield code="b">UNIPILB</subfield>
   <subfield code="c">EUDOXOS</subfield>
   <subfield code="e">20190412</subfield>
   <subfield code="h">956.9304 ΚΟΥ</subfield>
   <subfield code="p">00181151</subfield>
   <subfield code="q">00181151</subfield>
   <subfield code="t">CLOCOL</subfield>
   <subfield code="y">23</subfield>
   <subfield code="4">5</subfield>
  </datafield>
 </record>
</collection>
